| 000 | 00628nam a22001937a 4500 | ||
|---|---|---|---|
| 003 | 0 | ||
| 005 | 20231002121217.0 | ||
| 008 | 231002b xxu||||| |||| 00| 0 eng d | ||
| 020 | _a978-0-17-676468-5 | ||
| 050 |
_aPE 1408 _b.C37 2020 |
||
| 100 | _aCarter, Christine Evans | ||
| 245 |
_aInterchange : reading and writing critically _cChristine Evans Carter |
||
| 260 |
_aOntario _bNelson Education Ltd. _cc2020. |
||
| 300 |
_axvi, 332 pages ; _c26 cm. |
||
| 500 | _aEnglish language -- Rhetoric. | ||
| 504 | _aIncludes bibliographical references and index. | ||
| 650 | _aEnglish language -- Rhetoric. | ||
| 942 |
_2lcc _cBK |
||
| 999 |
_c365461 _d365461 |
||